00304nam a2200109 a 4500008004100000050002200041100001800063245003100081246003800112260003500150350000900185120416s1957 ||||||||||||||||| || u aPN 2596.L7C22 Bar aBarker, Felix14aThe house that Stoll built athe story of the Coliseum theatre aLondonbFrederick Mullerc1957 a0.00